|
|
|
|
| LEADER |
00000nam2a2200000 4500 |
| 001 |
119181 |
| 005 |
20231031124441.0 |
| 035 |
|
|
|a (RuTPU)RU\TPU\book\128978
|
| 090 |
|
|
|a 119181
|
| 100 |
|
|
|a 20070626d1977 km y0rusy50 ca
|
| 101 |
0 |
|
|a rus
|
| 102 |
|
|
|a RU
|
| 105 |
|
|
|a a g 000zy
|
| 200 |
0 |
|
|a Кн. 1
|
| 210 |
|
|
|d 1977
|
| 215 |
|
|
|a 384 с.
|c ил.
|
| 461 |
|
1 |
|0 (RuTPU)RU\TPU\book\147762
|t Справочник по применению и нормам расхода смазочных материалов
|o в 2-х книгах
|f под ред. Е. А. Эминова
|v Кн. 1
|e 4-е изд., перераб. и доп.
|d 1977-
|
| 610 |
1 |
|
|a справочники
|
| 610 |
1 |
|
|a применение
|
| 610 |
1 |
|
|a смазочные материалы
|
| 610 |
1 |
|
|a расходы
|
| 610 |
1 |
|
|a получение
|
| 610 |
1 |
|
|a подбор
|
| 610 |
1 |
|
|a расчет
|
| 610 |
1 |
|
|a минеральные масла
|
| 610 |
1 |
|
|a подшипники скольжения
|
| 610 |
1 |
|
|a подшипники качения
|
| 610 |
1 |
|
|a подшипники
|
| 610 |
1 |
|
|a зубчатые муфты
|
| 610 |
1 |
|
|a зубчатые передачи
|
| 610 |
1 |
|
|a червячные передачи
|
| 610 |
1 |
|
|a цепные передачи
|
| 610 |
1 |
|
|a ходовые винты
|
| 610 |
1 |
|
|a стальные канаты
|
| 610 |
1 |
|
|a цилиндры
|
| 610 |
1 |
|
|a паровоздушные молоты
|
| 610 |
1 |
|
|a смазка
|
| 610 |
1 |
|
|a крановые механизмы
|
| 610 |
1 |
|
|a гидравлические системы
|
| 610 |
1 |
|
|a смазочно-охлаждающие жидкости
|
| 610 |
1 |
|
|a смазочные устройства
|
| 610 |
1 |
|
|a классификация
|
| 675 |
|
|
|a 621.89(08)
|v 3
|
| 801 |
|
1 |
|a RU
|b 63413507
|c 20070626
|g PSBO
|
| 801 |
|
2 |
|a RU
|b 63413507
|c 20080422
|g PSBO
|
| 942 |
|
|
|c BK
|